ბათუმის შოთა რუსთაველის სახელმწიფო უნივერსიტეტის ბიბლიოთეკა

ბუღალტრული აღრიცხვის საფუძვლები : (ბიბ.ჩანაწერი № 36575)

000 -ლიდერი
ფიქსირებული სიგრძის საკონტროლო ველი 01369nam a2200253Ia 4500
001 - საკონტროლო ნომერი
საკონტროლო ველი 2494
003 - საკონტროლო ნომრის იდენტიფიკატორი
საკონტროლო ველი GE_BSU
005 - ბოლო ოპერაციის თარიღი და დრო
საკონტროლო ველი 20230825172631.0
008 - ფიქსირებული სიგრძის მონაცემთა ელემენტები - ზოგადი ინფორმაცია
ფიქსირებული სიგრძის საკონტროლო ველი 181216s2011||||ge |||||||||||||| ||geo||
020 ## - წიგნის საერთაშორისო სტანდარტული ნომერი
International Standard Book Number 9789941432477
040 ## - კატალოგიზაციის წყარო
Transcribing agency GE_BSU
041 ## - ენის კოდი
Language code of text/sound track or separate title geo
080 ## - უნივერსალური ათობითი კლასიფიკაციის ინდექსი
Universal Decimal Classification number 657(076) ბ–40
100 ## - მთავარი ჩანაწერი - პიროვნების სახელი
Personal name მაღლაკელიძე, დეზდემონა
9 (RLIN) 19718
245 ## - ცნობა სათაურის შესახებ
Title ბუღალტრული აღრიცხვის საფუძვლები :
Remainder of title (ბუღალტრული აღრიცხვის საერთაშორისო სტანდარტების მიხედვით) /
Statement of responsibility, etc დეზდემონა მაღლაკელიძე, ნათელა ვაშაკიძე; რედ. იაკობ მესხია.
250 ## - გამოცემის ცნობა
Edition statement მე-2 გამოცემა დამატებებითა და შესწორებებით.
264 ## - წარმოების, გამოცემის, დისტრიბუციის და სხვა ცნობები
გამოცემის, წარმოების, დისტრიბუციის... ადგილი ქუთაისი,
გამოცემის, წარმოების, დისტრიბუციის... თარიღი 2011.
300 ## - ფიზიკური აღწერა
Extent 160 გვ.;
Other physical details 28 სმ.
653 ## - INDEX TERM--UNCONTROLLED
Uncontrolled term საბუღალტრო აღრიცხვა
653 ## - INDEX TERM--UNCONTROLLED
Uncontrolled term პრაქტიკული სავარჯიშოები
700 ## - ADDED ENTRY--PERSONAL NAME
Personal name ვაშაკიძე, ნათელა
Relator term ავტორი
9 (RLIN) 15593
700 ## - ADDED ENTRY--PERSONAL NAME
Personal name მესხია, იაკობ
Relator term რედაქტორი
9 (RLIN) 19719
942 ## - ADDED ENTRY ELEMENTS (KOHA)
Koha item type წიგნი
Source of classification or shelving scheme
ეგზემპლარები
ჩამოწერის სტატუსი დაკარგული ეგზემპლარის სტატუსი კლასიფიკაციის წყარო ან თაროზე გაწყობის სქემა დაზიანების სტატუსი არ გაიცემა მუდმივი მდებარეობა (დაცვის ადგილი) ამჟამინდელი ადგილსამყოფელი თაროზე განთავსების ადგილი შეძენის თარიღი ღირებულება, შესყიდვის ნორმალური ფასი სრული შენახვის შიფრი შტრიხკოდი ბოლო ოპერაციის თარიღი ეგზემპლარის მიმდევრობითი ნომერი (კეტერი?) ფასის ძალაში შესვლის თარიღი ეგზემპლარის სახეობა საჯარო შენიშვნა
          ბათუმის შოთა რუსთაველის სახელმწიფო უნივერსიტეტის მთავარი ბიბლიოთეკა ბათუმის შოთა რუსთაველის სახელმწიფო უნივერსიტეტის მთავარი ბიბლიოთეკა წიგნსაცავი 2018-12-17 12.00 657(076) ბ–40 3490 2018-12-17 3490 2018-12-17 წიგნი 12 ლ.